Największe Miasta w Wielkiej Brytanii. - Statystyki

Ogólne statystyki
  • Ten quiz został rozwiązany 2 210 razy
    1 327 od ostatniego zresetowania
  • Średni wynik to 12 z 36
Statystyki odpowiedzi
Miasta % Poprawnych
Londyn
100%
Manchester
90%
Liverpool
88%
Glasgow
78%
Birmingham
75%
Edynburg
74%
Cardiff
65%
Leeds
59%
Belfast
57%
Southampton
48%
Leicester
42%
Sheffield
42%
Norwich
37%
Swansea
34%
York
31%
Plymouth
30%
Luton
27%
Bournemouth
24%
Kingston Upon Hull
23%
Derby
22%
Sunderland
22%
Wolverhampton
22%
Blackpool
19%
Coventry
19%
Ipswich
19%
Watford
16%
Reading
15%
Oksford
14%
Bradford
13%
Middlesbrough
13%
Exeter
11%
Colchester
7%
West Bromwich
7%
Walsall
3%
Dudley
2%
Basildon
1%
Nie znaleziono quizów pasujących do podanych kryteriów
Rozkład punktacji
Procent ludzi z każdym wynikiem
Percentyl według liczby udzielonych odpowiedzi
Twoja historia wyników
Nie rozwiązałeś tego quizu od ostatniego zresetowania